[Event "Ogolnopolska Olimpiada Mlodziezy D-14"]
[Site "Spala"]
[Date "1899-12-30"]
[Round "8.7"]
[White "Gredka, Dominika"]
[Black "Stebel, Agata"]
[Result "1-0"]
[WhiteTitle "I"]
[BlackTitle "I"]
[WhiteElo "1470"]
[BlackElo "1673"]

1. e4 e5 2. Nf3 Nf6 3. Nxe5 d6 4. Nf3 Nxe4 5. d4 d5 6. Bd3 Be7 7. O-O O-O 8. h3
Nc6 9. Re1 Nf6 10. Bg5 Nb4 11. Nc3 Nxd3 12. Qxd3 c6 13. Ne2 Ne4 14. Bxe7 Qxe7
15. Ng3 f5 16. Qb3 Be6 17. Ne5 f4 18. Nf1 Rae8 19. Nh2 Qh4 20. Re2 Nd6 21. Rae1
Qf6 22. Qf3 Ne4 23. Nhg4 Qf5 24. Qd3 h5 25. Nh2 g5 26. Qb3 Re7 27. Qa3 Rfe8 28.
Qxa7 c5 29. c3 b5 30. Qa5 Rb7 31. a4 b4 32. Qa6 Reb8 33. Qd3 c4 34. Qc2 bxc3 35.
bxc3 Rb3 36. Nc6 Re8 37. a5 Rxc3 38. Qa2 Bd7 39. Nb4 Rb3 40. Rb2 Rxb2 41. Qxb2
Ra8 42. a6 Bc8 43. Qa3 Qf7 44. Nf3 Qf8 45. Qa5 Qd6 46. Qxd5+ Qxd5 47. Nxd5 Nd6
48. Nb6 Rxa6 49. Nxc8 c3 50. Nxd6 Rxd6 51. Rc1 Rc6 52. Nxg5 Kg7 53. d5 Rc8 54.
d6 Kf6 55. Ne4+ Ke5 56. Rxc3 Rxc3 57. Nxc3 Kxd6 58. Kf1 Ke5 59. Ke2 Kd5 1-0

[Event "Ogolnopolska Olimpiada Mlodziezy D-14"]
[Site "Spala"]
[Date "1899-12-30"]
[Round "8.8"]
[White "Dwilewicz, Agata"]
[Black "Karykowska, Anna"]
[Result "1-0"]
[WhiteTitle "I"]
[BlackTitle "I+"]
[WhiteElo "1585"]
[BlackElo "1525"]

1. e4 c5 2. Nf3 e6 3. d4 cxd4 4. Nxd4 Qb6 5. Nb3 Qc7 6. Bd3 Nf6 7. Nc3 a6 8. O-O
d6 9. Be3 Nbd7 10. f4 Be7 11. Qe2 e5 12. f5 O-O 13. Rad1 b5 14. a3 Bb7 15. Qf3
Rad8 16. Qg3 Kh8 17. Bg5 h6 18. Qh3 Ng8 19. Bxe7 Nxe7 20. f6 Ng6 21. fxg7+ Kxg7
22. Ne2 Nf6 23. Ng3 Ng8 24. Nf5+ Kh7 25. g4 f6 26. Rc1 Qb6+ 27. Kh1 d5 28. Qf3
dxe4 29. Bxe4 Bxe4 30. Qxe4 Qa7 31. Rcd1 Rxd1 32. Rxd1 Qa8 33. Nc5 Rd8 34. Qxa8
Rxa8 35. Rd7+ Kh8 36. Rd6 Rc8 37. b4 a5 38. Kg2 axb4 39. axb4 Ra8 40. Ra6 Rd8
41. Nd6 Rf8 42. Nd7 N8e7 43. Nxf8 Nxf8 44. Nxb5 Nd5 45. c3 Kg7 46. Rd6 Nf4+ 47.
Kf3 N8e6 48. h4 Kf7 49. c4 Ng6 50. Kg3 Ke7 51. Rd2 Ngf8 52. c5 Nd8 53. Nd6 Ke6
54. b5 Nd7 55. c6 Kd5 1-0

[Event "Ogolnopolska Olimpiada Mlodziezy D-14"]
[Site "Spala"]
[Date "1899-12-30"]
[Round "8.9"]
[White "Kostecka, Marika"]
[Black "Popiel, Natalia"]
[Result "0-1"]
[WhiteTitle "II"]
[BlackTitle "II"]
[WhiteElo "1392"]
[BlackElo "1319"]

1. e4 e5 2. Nf3 Nc6 3. Bb5 a6 4. Ba4 Bc5 5. c3 Nf6 6. d4 exd4 7. cxd4 Bb4+ 8. Bd2
Nxe4 9. Qe2 Qe7 10. Bxc6 Nxd2 11. Bxd7+ Bxd7 12. Qxe7+ Kxe7 13. Nbxd2 Bb5 14.
O-O-O Rhe8 15. a3 Bd6 16. Rhe1+ Kf8 17. Ne4 Bf4+ 18. Kc2 Rad8 19. b3 Bc6 20. Nc5
Bxf3 21. gxf3 Rxe1 22. Rxe1 Rxd4 23. Nxb7 Rd2+ 24. Kc3 Rxf2 25. Nc5 Bd2+ 26. Kd4
0-1

[Event "Ogolnopolska Olimpiada Mlodziezy D-14"]
[Site "Spala"]
[Date "1899-12-30"]
[Round "8.10"]
[White "Pedrak, Paulina"]
[Black "Kalinowska, Karolina"]
[Result "0-1"]
[WhiteTitle "I"]
[BlackTitle "I"]
[WhiteElo "1367"]
[BlackElo "1537"]

1. e4 e6 2. d4 d5 3. exd5 exd5 4. Nf3 Bd6 5. Bd3 Nc6 6. c3 Nge7 7. O-O Bg4 8. Be3
Qd7 9. Nbd2 f6 10. Qc2 O-O-O 11. b4 Rdg8 12. a4 g5 13. a5 h5 14. b5 Nd8 15. b6
Kb8 16. a6 cxb6 17. axb7 Ndc6 18. Rfb1 Bc7 19. c4 dxc4 20. Bxc4 Rg7 21. Bb5 Qd6
22. Bxc6 Nxc6 23. Nc4 Qd5 24. Qe2 Bxf3 25. gxf3 Rhg8 26. Nxb6 Bxb6 27. Rxb6 axb6
28. Ra8+ Kxb7 29. Qa6+ Kc7 0-1

[Event "Ogolnopolska Olimpiada Mlodziezy D-14"]
[Site "Spala"]
[Date "1899-12-30"]
[Round "8.11"]
[White "Leczek, Weronika"]
[Black "Jurkiewicz, Zuzanna"]
[Result "0-1"]
[WhiteTitle "I"]
[BlackTitle "I"]
[WhiteElo "1632"]
[BlackElo "1426"]

1. e4 c5 2. Nf3 e6 3. d4 cxd4 4. Nxd4 a6 5. Nc3 Nc6 6. Be3 Qc7 7. Qd2 Nf6 8. f3
Be7 9. g4 h6 10. O-O-O b5 11. g5 hxg5 12. Bxg5 b4 13. Nce2 Qa5 14. Nb3 Qxa2 15.
Ned4 Rh5 16. h4 Na5 17. Bd3 Bb7 18. Qf4 Rc8 19. Nxa5 Qxa5 20. Nb3 Qa2 21. e5 Nd5
22. Qg4 g6 23. Kd2 Qxb2 24. Rde1 Qc3+ 25. Kd1 Qc6 26. Be4 Nc3+ 27. Kc1 Nxe4 28.
Qxe4 Qc3 29. Bd2 Qxb3 30. Re3 Qa2 0-1

[Event "Ogolnopolska Olimpiada Mlodziezy D-14"]
[Site "Spala"]
[Date "1899-12-30"]
[Round "8.12"]
[White "Szelag, Zuzanna"]
[Black "Krzywnicka, Maria"]
[Result "1-0"]
[WhiteTitle "I"]
[BlackTitle "II"]
[WhiteElo "1534"]
[BlackElo "1360"]

1. e4 c5 2. Nf3 d6 3. d4 cxd4 4. Nxd4 Nf6 5. Nc3 a6 6. Bg5 e6 7. f4 Be7 8. Qf3
Qc7 9. O-O-O Nbd7 10. g4 h6 11. Bxf6 Bxf6 12. Bg2 Qb6 13. Nb3 Nc5 14. Nxc5 Qxc5
15. Rd3 Be7 16. f5 Bd7 17. Kb1 Qa5 18. Ne2 Rf8 19. Nd4 Qb6 20. Rhd1 a5 21. Rb3
Qc7 22. Nb5 Qc5 23. Bf1 Rc8 24. Rc3 Qb6 25. Rxc8+ Bxc8 26. Qd3 Kd7 27. Qc3 Bf6
28. e5 Be7 29. Nxd6 Qb4 30. Bb5+ Kd8 31. Nxb7# 1-0

[Event "Ogolnopolska Olimpiada Mlodziezy D-14"]
[Site "Spala"]
[Date "1899-12-30"]
[Round "8.13"]
[White "Kwiatkowska, Agnieszka"]
[Black "Zalewska, Katarzyna"]
[Result "1/2-1/2"]
[WhiteTitle "II+"]
[BlackTitle "II+"]
[WhiteElo "1518"]
[BlackElo "1331"]

1. e4 e5 2. Nf3 Nc6 3. Bb5 a6 4. Ba4 Nf6 5. d3 b5 6. Bb3 d6 7. c3 Be7 8. O-O O-O
9. Be3 Re8 10. Nbd2 Bb7 11. Re1 Bf8 12. Nf1 h6 13. Ng3 d5 14. exd5 Nxd5 15. d4
exd4 16. Bxd4 Rxe1+ 17. Qxe1 Nxd4 18. Nxd4 Nf4 19. f3 Bc5 20. Rd1 Qf6 21. Kh1
Rd8 22. Bc2 g6 23. Nb3 Rxd1 24. Qxd1 Bb6 25. Ne4 Qe7 26. Qd2 Nd5 27. Qxh6 Be3
28. Qh3 Nf4 29. Qg3 f5 30. Nec5 Bc8 31. h3 Qd6 32. Kh2 Ne2 33. Qxd6 cxd6 34. Nd3
Bg1+ 35. Kh1 Be3 36. g4 Bb7 37. Kg2 fxg4 38. hxg4 Bd5 39. Bd1 Bxb3 40. Bxb3+ Kg7
41. Bd5 Nf4+ 42. Nxf4 Bxf4 43. Bb7 a5 44. b4 axb4 45. cxb4 Bd2 46. Bc6 Bxb4 47.
Bxb5 g5 48. Kf2 Kf6 49. Ke3 Bc5+ 50. Ke4 Ke6 51. Bc4+ Kf6 52. a4 Bb4 53. Ba6 Ba5
54. Kd5 Bb4 55. Kc4 Bd2 56. Bb7 Ke5 57. Kb5 d5 58. a5 Be3 59. Bc8 Kf4 60. Bf5
Kxf3 61. Kc6 d4 62. a6 d3 63. Bxd3 Kxg4 64. Be2+ 1/2-1/2

[Event "Ogolnopolska Olimpiada Mlodziezy D-14"]
[Site "Spala"]
[Date "1899-12-30"]
[Round "8.14"]
[White "Ciesinska, Weronika"]
[Black "Buchta, Agnieszka"]
[Result "1/2-1/2"]
[WhiteTitle "II"]
[BlackTitle "II"]
[WhiteElo "1335"]
[BlackElo "1352"]

1. e4 c5 2. Nc3 e6 3. f4 d5 4. exd5 exd5 5. Bb5+ Nc6 6. Qe2+ Be7 7. Nf3 Nf6 8.
Ne5 Bd7 9. Bxc6 Bxc6 10. O-O O-O 11. Re1 Re8 12. Nxc6 bxc6 13. d3 Qc7 14. Bd2
Rab8 15. b3 c4 16. Qf3 cxd3 17. cxd3 Bd6 18. Re2 Rxe2 19. Nxe2 Re8 20. Bc3 Qe7
21. Re1 Bc5+ 22. Kf1 Qd6 23. Be5 Qe6 24. h3 Nd7 25. Rc1 Nxe5 26. fxe5 Ba3 27.
Rc2 c5 28. d4 cxd4 29. Nxd4 Qa6+ 30. Qe2 Qxe2+ 31. Rxe2 Bc5 32. Nf3 h6 33. g4
g5 34. Ke1 Bb4+ 35. Kd1 Rc8 36. Rc2 Rxc2 37. Kxc2 Bc5 38. Kd3 f6 39. exf6 Kf7
40. b4 Bxb4 41. Kd4 Ke6 42. a4 Ba3 1/2-1/2

[Event "Ogolnopolska Olimpiada Mlodziezy D-14"]
[Site "Spala"]
[Date "1899-12-30"]
[Round "8.15"]
[White "Spadlo, Katarzyna"]
[Black "Trusz, Julia"]
[Result "1/2-1/2"]
[WhiteTitle "II"]
[BlackTitle "I"]
[WhiteElo "1318"]
[BlackElo "1533"]

1. e4 c5 2. Nf3 Nc6 3. d4 cxd4 4. Nxd4 Nf6 5. Nc3 d6 6. Be3 e5 7. Nf3 h6 8. h3
Be7 9. Bc4 O-O 10. Qe2 a6 11. a4 Be6 12. O-O Rc8 13. Nd5 Bxd5 14. Bxd5 Nxd5 15.
exd5 Nb8 16. c4 Nd7 17. Nd2 f5 18. f3 Bg5 19. f4 Bf6 20. Qh5 e4 21. Qxf5 Bxb2
22. Qe6+ Kh8 23. Rab1 Ba3 24. Rxb7 Nc5 25. Bxc5 Bxc5+ 26. Kh1 e3 27. Nb3 Rf6 28.
Qg4 Rc7 29. Nxc5 dxc5 30. Rxc7 Qxc7 31. Qf3 e2 32. Qxe2 Rxf4 33. Rxf4 Qxf4 34.
Kg1 Qd4+ 35. Kh2 Qf4+ 36. Kh1 Qc1+ 37. Kh2 Qf4+ 38. Kg1 Qd4+ 39. Kh2 Qf4+ 1/2-1/2

[Event "Ogolnopolska Olimpiada Mlodziezy D-14"]
[Site "Spala"]
[Date "1899-12-30"]
[Round "8.16"]
[White "Malinowska, Monika"]
[Black "Bakalarczyk, Zuzanna"]
[Result "1-0"]
[WhiteTitle "II+"]
[BlackTitle "II"]
[WhiteElo "1326"]
[BlackElo "1246"]

1. d4 d5 2. c4 c6 3. e3 Nf6 4. Nc3 Bf5 5. Bd3 Bg6 6. Nf3 e6 7. O-O Be7 8. a3 O-O
9. b4 Nbd7 10. Bb2 Nb6 11. Ne5 dxc4 12. Nxc4 Nfd5 13. Ne5 Bxd3 14. Qxd3 Rc8 15.
Rac1 Qd6 16. Nf3 Bf6 17. Ne4 Qd7 18. Nxf6+ Nxf6 19. e4 h6 20. Rc5 Na4 21. Rc2
Nxb2 22. Rxb2 Rfe8 23. Ne5 Qd6 24. Nc4 Qd7 25. e5 Nd5 26. Nd6 Nf4 27. Qd2 Ng6
28. f4 Rcd8 29. Nxe8 Qxe8 30. Qf2 Qd7 31. Rd2 Qc7 32. Rfd1 Ne7 33. g4 Nd5 34.
Rd3 f6 35. Re1 Qf7 36. f5 Re8 37. exf6 Qxf6 38. Rf3 e5 39. dxe5 Rxe5 40. Rxe5
Qxe5 41. Qxa7 Qe4 42. Qb8+ Kh7 43. Qg3 Qd4+ 44. Kg2 Qd2+ 45. Qf2 Qg5 46. Qd4 Qe7
47. Qd3 Qf6 48. Rf2 Kh8 49. b5 Qg5 50. Qe4 Nf6 51. Qf4 Qxg4+ 52. Qxg4 Nxg4 53.
Rb2 Ne3+ 54. Kf2 Nc4 55. Rb3 cxb5 56. Ke2 Kg8 57. Kd3 Nd6 58. Kd4 Kf7 59. Kc5
Nc8 60. Rxb5 b6+ 61. Rxb6 Nxb6 62. Kxb6 Kf6 63. a4 Kxf5 64. a5 g5 65. a6 Kg4 66.
a7 Kh3 67. a8=Q Kxh2 68. Qh8 g4 69. Qxh6+ Kg2 70. Kc5 g3 71. Kd4 Kf1 72. Qf4+
Kg2 73. Ke3 Kh1 74. Qf1+ Kh2 75. Kf3 g2 76. Qxg2# 1-0

[Event "Ogolnopolska Olimpiada Mlodziezy D-14"]
[Site "Spala"]
[Date "1899-12-30"]
[Round "8.17"]
[White "Bochniarz, Katarzyna"]
[Black "Ziziuk, Martyna"]
[Result "0-1"]
[WhiteTitle "II"]
[BlackTitle "II+"]
[WhiteElo "1192"]
[BlackElo "1412"]

1. c4 e5 2. Nc3 Nc6 3. g3 g6 4. Bg2 Bg7 5. e3 Nge7 6. Nge2 O-O 7. O-O d6 8. b3
Bf5 9. Bb2 Qd7 10. Re1 Rab8 11. a3 a5 12. Rc1 b6 13. f4 Bg4 14. Qc2 Rfe8 15. Kh1
Nd8 16. d4 Nf5 17. Qd2 Nxe3 18. Qxe3 exd4 19. Qd2 dxc3 20. Nxc3 Be6 21. Re3 Nc6
22. Nd5 Bxd5 23. Rxe8+ Rxe8 24. Bxd5 Bxb2 25. Qxb2 Ne7 26. Bg2 Nf5 27. Qc3 Re3
28. Qb2 Qe7 29. Rg1 Re2 30. Qc1 Qe3 31. Qxe3 Rxe3 32. Rb1 Nd4 33. a4 Nxb3 34.
Bc6 Nd4 35. Bd7 Kf8 36. Rc1 f5 37. Rd1 Nb3 38. Bb5 Nc5 39. Ra1 Ne4 40. Kg1 Ke7
41. Rc1 Rc3 42. Rxc3 Nxc3 43. Kf2 d5 44. cxd5 Nxd5 45. Ke2 Nc3+ 46. Kd3 Nxb5 47.
axb5 Kd6 48. Kc4 c6 49. h3 h5 50. h4 a4 51. bxc6 Kxc6 52. Kb4 b5 53. Kc3 Kc5 54.
Kb2 b4 55. Ka2 Kd4 56. Kb2 Kd3 57. Kb1 Kc3 58. Kc1 a3 59. Kb1 b3 60. Ka1 b2+ 0-1

[Event "Ogolnopolska Olimpiada Mlodziezy D-14"]
[Site "Spala"]
[Date "1899-12-30"]
[Round "8.18"]
[White "Gowin, Malgorzata"]
[Black "Wojcik, Jagoda"]
[Result "1-0"]
[WhiteTitle "II+"]
[BlackTitle "I"]
[WhiteElo "1458"]
[BlackElo "1407"]

1. e4 d5 2. exd5 Qxd5 3. Nf3 Nf6 4. Be2 Bf5 5. Nc3 Qa5 6. d3 Nbd7 7. Bd2 c6 8.
O-O e6 9. a3 Qc7 10. h3 O-O-O 11. Qc1 Bd6 12. d4 h6 13. b4 g5 14. b5 g4 15. bxc6
gxf3 16. cxd7+ Nxd7 17. Bxf3 Rdg8 18. Kh1 Qd8 19. Nb5 Bb8 20. Qb2 Qb6 21. Qc3+
Kd8 22. Qa5 Qxa5 23. Bxa5+ b6 24. Bb4 Bxc2 25. Rfc1 Bg6 26. Nd6 Ke7 27. Ne4+ Kd8
28. Nd6 Bxd6 29. Bxd6 f5 30. Rc7 Nf6 31. Rac1 Ne8 32. Be7# 1-0

[Event "Ogolnopolska Olimpiada Mlodziezy D-14"]
[Site "Spala"]
[Date "1899-12-30"]
[Round "8.19"]
[White "Gil, Oliwia"]
[Black "Ossolinska, Matylda"]
[Result "0-1"]
[WhiteTitle "II"]
[BlackTitle "II"]
[WhiteElo "1316"]
[BlackElo "1426"]

1. e4 d6 2. d4 Nf6 3. Nc3 e5 4. Nf3 Nbd7 5. Bc4 Be7 6. O-O O-O 7. a4 c6 8. Ba2
h6 9. h3 Qc7 10. Be3 a5 11. Re1 Re8 12. Qd2 Bf8 13. Rad1 Nb6 14. Qc1 Nbd7 15.
Rd2 Rb8 16. Nh4 Nb6 17. Qd1 Be6 18. Bxe6 Rxe6 19. b3 exd4 20. Bxd4 Rbe8 21. f3
Nbd5 22. Nf5 Nxc3 23. Bxc3 Nd5 24. Bd4 g6 25. Ng3 Bg7 26. Bxg7 Kxg7 27. Rde2 Nf4
28. Re3 Qb6 29. Kh1 d5 30. Qa1+ Kg8 31. Qc1 d4 32. R3e2 Nxe2 33. Rxe2 Kg7 34.
Qd2 Qb4 35. Qd1 c5 36. Rd2 Qb6 37. Ne2 Qc7 38. Rd3 f5 39. Rd2 fxe4 40. fxe4 Rxe4
41. Ng1 Re1 42. Qf3 Rf8 0-1

[Event "Ogolnopolska Olimpiada Mlodziezy D-14"]
[Site "Spala"]
[Date "1899-12-30"]
[Round "8.21"]
[White "Kindler, Karolina"]
[Black "Surpeta, Julia"]
[Result "1-0"]
[WhiteTitle "I"]
[BlackTitle "II"]
[WhiteElo "1438"]
[BlackElo "1130"]

1. e4 c5 2. Nf3 d6 3. d4 cxd4 4. Nxd4 Nf6 5. Nc3 g6 6. Be3 Bg7 7. Be2 O-O 8. f3
Bd7 9. Qd2 Nc6 10. g4 h6 11. Nxc6 Bxc6 12. Bxh6 e5 13. O-O-O d5 14. Bxg7 Kxg7
15. exd5 Bd7 16. Qg5 Qe7 17. h4 Rg8 18. h5 Kf8 19. hxg6 Rxg6 20. Qe3 Ke8 21. Rh8+
Ng8 22. Bd3 Qg5 23. f4 Qxg4 24. Bxg6 Qxg6 25. Rg1 Bg4 26. Qxe5+ Kd7 27. Qg5 Qxg5
28. fxg5 Bf5 29. Rf1 Bg6 30. Ne2 Rc8 31. c3 Kd6 32. Nf4 b5 33. Nxg6 fxg6 34. Rf7
a5 35. Rg7 Ne7 36. Rxc8 Nxc8 37. Rxg6+ Kxd5 38. Ra6 a4 39. g6 Ne7 40. g7 Ng8 41.
Ra8 Nh6 42. g8=Q+ 1-0

[Event "Ogolnopolska Olimpiada Mlodziezy D-14"]
[Site "Spala"]
[Date "1899-12-30"]
[Round "8.22"]
[White "Samujlo, Agnieszka"]
[Black "Borsuk, Aleksandra"]
[Result "0-1"]
[WhiteTitle "II"]
[BlackTitle "II"]
[WhiteElo "1216"]
[BlackElo "1228"]

1. e4 e6 2. d4 d5 3. exd5 exd5 4. Nf3 Nf6 5. Bg5 Be7 6. Nc3 Nc6 7. Bb5 Qd6 8. Bxc6+
Qxc6 9. h3 h6 10. Be3 Bb4 11. Bd2 O-O 12. O-O Bf5 13. Rc1 Rfe8 14. a4 Bxc3 15.
Bxc3 Qxa4 16. Ne5 Qb5 17. Ra1 c6 18. Ra5 Qb6 19. Qd2 Rad8 20. Rfa1 a6 21. R1a3
Qc7 22. Rb3 Nd7 23. Ra4 Nxe5 24. dxe5 Rc8 25. Rf4 Bg6 26. Qe2 Re6 27. Rfb4 b5
28. Rf4 Rce8 29. Ra3 c5 30. Ra1 b4 31. Bd2 Qxe5 32. Qxe5 Rxe5 33. c3 bxc3 34.
Bxc3 d4 35. Bd2 R8e6 36. Rf3 Rc6 37. Rfa3 Ree6 38. Kf1 c4 39. Rc1 Bd3+ 40. Kg1
Rb6 41. Ra2 Re2 42. Bf4 Rexb2 43. Rxb2 Rxb2 44. Be5 a5 45. Bxd4 Ra2 46. g3 a4
47. Bc5 Kh7 48. Kg2 Kg6 49. Kf3 Kf5 50. g4+ Ke5 51. Bf8 Kf6 52. Bc5 g6 53. Bd4+
Ke6 54. Bc5 f5 0-1

[Event "Ogolnopolska Olimpiada Mlodziezy D-14"]
[Site "Spala"]
[Date "1899-12-30"]
[Round "9.1"]
[White "Antolak, Julia"]
[Black "Frej, Zofia"]
[Result "1-0"]
[WhiteTitle "I++"]
[BlackTitle "I+"]
[WhiteElo "1809"]
[BlackElo "1747"]

1. e4 c5 2. Nf3 Nc6 3. Bb5 Nf6 4. e5 Nd5 5. O-O e6 6. Nc3 Nc7 7. Bxc6 dxc6 8. d3
Be7 9. Ne4 O-O 10. Bg5 b6 11. Bxe7 Qxe7 12. Nfg5 f6 13. Nf3 f5 14. Nd6 Nb5 15.
Nxc8 Raxc8 16. a4 Nc7 17. Nd2 Rcd8 18. f4 Qd7 19. Nc4 Qe7 20. Qf3 Qd7 21. Kh1
g6 22. Rfd1 Kg7 23. c3 Qd5 24. Qf2 Qd7 25. a5 b5 26. Nd6 Na6 27. Re1 Rb8 28. b3
b4 29. c4 Kg8 30. Re3 Rbd8 31. Rh3 Qe7 32. Re1 Rd7 33. Rh6 Qd8 34. Ra1 Qe7 35.
Qf3 Rc7 36. g4 fxg4 37. Qxg4 Rd8 38. Rg1 Rdd7 39. Rxg6+ hxg6 40. Qxg6+ Qg7 41.
Qxe6+ Kh8 42. Rxg7 Rxg7 43. Ne8 Rce7 44. Qh6+ 1-0

[Event "Ogolnopolska Olimpiada Mlodziezy D-14"]
[Site "Spala"]
[Date "1899-12-30"]
[Round "9.2"]
[White "Parol, Pola"]
[Black "Cieslak, Wiktoria"]
[Result "1-0"]
[WhiteTitle "I"]
[BlackTitle "I"]
[WhiteElo "1734"]
[BlackElo "1615"]

1. Nf3 c5 2. c4 e6 3. g3 d5 4. cxd5 exd5 5. d4 c4 6. Bg2 Nf6 7. Nc3 Nc6 8. O-O
Bb4 9. Bg5 Be6 10. Ne5 Bxc3 11. bxc3 h6 12. Bxf6 Qxf6 13. Qa4 Qd8 14. Nxc6 Qd7
15. e4 bxc6 16. Rfe1 O-O 17. exd5 Bxd5 18. Bf1 Qg4 19. Bxc4 Bf3 20. Bf1 c5 21.
Bg2 Bxg2 22. Kxg2 cxd4 23. cxd4 Rfd8 24. Rad1 Qd7 25. Qa3 Qb7+ 26. Kg1 Rd7 27.
Re3 Rad8 28. Red3 Rd5 29. Qc1 Qb4 30. Qf4 Qc4 31. R1d2 Qc1+ 32. Kg2 Qc6 33. f3
g5 34. Qe3 f5 35. Re2 Qd6 36. Qe6+ Qxe6 37. Rxe6 Rxd4 38. Rxd4 Rxd4 39. Rxh6 Rd2+
40. Kg1 Rxa2 41. Rg6+ Kf7 42. Rxg5 Kf6 43. Rg8 a5 44. Ra8 a4 45. h4 a3 46. Ra6+
Kg7 47. g4 fxg4 48. fxg4 Kh7 49. g5 Ra1+ 50. Kg2 Ra2+ 51. Kg3 Ra1 52. Kg4 Rg1+
53. Kh5 Rg3 54. Ra8 Kg7 55. Ra7+ Kf8 56. Kg6 Rb3 57. h5 Rb6+ 58. Kh7 a2 59. Rxa2
Rb7+ 60. Kh6 Rb8 61. g6 Kg8 62. Ra5 Rf8 63. Kg5 Rf1 64. Ra8+ Kg7 65. h6# 1-0

[Event "Ogolnopolska Olimpiada Mlodziezy D-14"]
[Site "Spala"]
[Date "1899-12-30"]
[Round "9.3"]
[White "Daliga, Anita"]
[Black "Kaczmarska, Joanna"]
[Result "1-0"]
[WhiteTitle "II+"]
[BlackTitle "I++"]
[WhiteElo "1390"]
[BlackElo "1724"]

1. e4 e5 2. Nf3 Nf6 3. Nc3 Bb4 4. Bc4 O-O 5. d3 d5 6. exd5 Nxd5 7. Bd2 Bxc3 8.
Bxc3 Nxc3 9. bxc3 Nc6 10. h3 Qd6 11. O-O Na5 12. Bb3 c5 13. c4 b6 14. Re1 f6 15.
Nd2 Bb7 16. Ne4 Qc6 17. f3 Qd7 18. Nf2 Nc6 19. Ba4 Qc7 20. Bxc6 Bxc6 21. Qd2 Qd7
22. Kh1 Rad8 23. Nd1 Bxf3 24. gxf3 Qxh3+ 25. Qh2 Qxf3+ 26. Qg2 Qh5+ 27. Qh2 Qg5
28. Rg1 Qf5 29. Nc3 Rd4 30. Ne4 Rxe4 31. dxe4 Qxe4+ 32. Qg2 Qh4+ 33. Qh2 Qxc4
34. Qg3 Rf7 35. Rad1 g5 36. Qf3 Qh4+ 37. Kg2 e4 38. Rd8+ Kg7 39. Qg3 Qxg3+ 40.
Kxg3 f5 41. Re8 h6 42. Kf2 h5 43. Rxg5+ Kf6 44. Rxh5 Kg6 45. Rh1 Kg5 46. Rg8+
Kf4 47. Rh4+ Ke5 48. c3 Kd5 49. Ke3 Kc4 50. Kf4 Kxc3 51. Rh3+ Kd4 52. Rg5 Re7
53. Rxf5 e3 54. Rh1 e2 55. Re1 Kd3 56. Rd5+ Kc2 57. Kf3 c4 58. Rxe2+ Rxe2 59.
Kxe2 c3 60. Rd7 b5 61. Rxa7 Kb2 62. Rb7 c2 63. Rxb5+ Kc3 64. Rc5+ Kb2 65. Rxc2+
1-0

[Event "Ogolnopolska Olimpiada Mlodziezy D-14"]
[Site "Spala"]
[Date "1899-12-30"]
[Round "9.4"]
[White "Socko, Weronika"]
[Black "Gredka, Dominika"]
[Result "1/2-1/2"]
[WhiteTitle "II+"]
[BlackTitle "I"]
[WhiteElo "1518"]
[BlackElo "1470"]

1. d4 d5 2. c4 e6 3. Nc3 Nf6 4. Bg5 Be7 5. Nf3 O-O 6. e3 b6 7. Be2 Bb7 8. cxd5
Nxd5 9. Bxe7 Nxe7 10. Qc2 Ng6 11. Rc1 Nd7 12. Ne4 Rc8 13. h4 h6 14. h5 Ne7 15.
Ng3 c5 16. Qb1 cxd4 17. Nxd4 Bxg2 18. Rg1 Bb7 19. Rxc8 Qxc8 20. f4 Nf6 21. f5
e5 22. Nf3 Qc5 23. e4 Nc6 24. Kf1 Ng4 25. Kg2 Nd4 26. Nxd4 Ne3+ 27. Kh2 Qxd4 28.
f6 g5 29. hxg6 fxg6 30. Nh5 Qxe4 31. Rxg6+ Kh7 32. Rg7+ Kh8 33. Qxe4 Bxe4 34.
Rxa7 Bg6 35. Ra3 Nd5 36. Rh3 Nxf6 37. Nxf6 Rxf6 38. Kg1 Kh7 39. Rg3 Rc6 40. Rb3
Bf7 41. Rb5 e4 42. Re5 Bg6 43. Re7+ Kg8 44. Kf2 Kf8 45. Re5 Kf7 46. Ke3 Kf6 47.
Rb5 Rd6 48. Bf1 Be8 49. Rb4 Bg6 50. Rb5 Ke6 51. Bh3+ Kf6 52. Bf1 Bf5 53. Be2 Kg5
54. Kxe4 1/2-1/2

[Event "Ogolnopolska Olimpiada Mlodziezy D-14"]
[Site "Spala"]
[Date "1899-12-30"]
[Round "9.5"]
[White "Popiel, Natalia"]
[Black "Sliwicka, Alicja"]
[Result "0-1"]
[WhiteTitle "II"]
[BlackTitle "WFM"]
[WhiteElo "1319"]
[BlackElo "1841"]

1. e4 c5 2. Nf3 Nc6 3. d4 cxd4 4. Nxd4 Nf6 5. Nxc6 bxc6 6. Bd3 e5 7. Nc3 Be7 8.
O-O O-O 9. Be3 d5 10. exd5 cxd5 11. Ne2 Bb7 12. f3 Qc7 13. Ng3 e4 14. fxe4 dxe4
15. Bb5 Bc5 16. Qe2 Bd6 17. Rxf6 Bxg3 18. hxg3 gxf6 19. Bh6 Kh8 20. Bxf8 Rxf8
21. Qf2 Qe5 22. c4 e3 23. Qe2 Qxg3 24. c5 Be4 25. Bd3 Bc6 26. Qh5 Qxg2# 0-1

[Event "Ogolnopolska Olimpiada Mlodziezy D-14"]
[Site "Spala"]
[Date "1899-12-30"]
[Round "9.6"]
[White "Dwilewicz, Agata"]
[Black "Guzik, Natalia"]
[Result "0-1"]
[WhiteTitle "I"]
[BlackTitle "I"]
[WhiteElo "1585"]
[BlackElo "1498"]

1. e4 c5 2. Nf3 Nc6 3. d4 cxd4 4. Nxd4 g6 5. c4 Bg7 6. Be3 d6 7. Nc3 Nf6 8. Be2
O-O 9. O-O Qd7 10. Qd2 Rd8 11. f3 b6 12. Rfd1 Bb7 13. Rac1 Rac8 14. Nxc6 Bxc6
15. b4 Ne8 16. Qe1 f5 17. exf5 Qxf5 18. Nd5 Qf7 19. Bg5 Nf6 20. Qd2 Nxd5 21. cxd5
Bb7 22. Bc4 Rd7 23. Bb5 Rdc7 24. Rxc7 Rxc7 25. a3 a6 26. Ba4 Rc3 27. Bd7 Bc8 28.
Bxc8 Rxc8 29. Qe2 b5 30. a4 h6 31. Bh4 g5 32. Bf2 Rc4 33. axb5 axb5 34. Qa2 Rxb4
35. Qa8+ Kh7 36. Qa3 Rb2 37. Qd3+ Qg6 38. Qe3 Rb1 39. Re1 Rxe1+ 40. Bxe1 Bf6 41.
Qe2 Qb1 42. Qe4+ Qxe4 43. fxe4 Bd4+ 44. Kf1 Kg6 45. Ke2 Kf6 46. Kf3 h5 47. h3
Bb2 48. Ke3 h4 49. Bd2 Be5 50. Kd3 Bb2 51. Kc2 Bd4 52. Kd3 Bc5 53. Bc3+ Kf7 54.
Bd2 Kg6 55. Ke2 b4 56. Kd3 Kf6 57. Bc1 Bb6 58. Bb2+ Kg6 59. Kc4 Bc5 60. Kd3 Kh5
61. e5 g4 62. Ke4 Bf2 63. exd6 exd6 64. Kf4 Bg3+ 65. Ke3 Kg5 66. Ke4 Be1 67. Bc1+
Kh5 68. Kd3 Bc3 69. Kc2 gxh3 70. gxh3 Kg6 71. Bf4 Be5 72. Bd2 Kf5 73. Bxb4 Ke4
74. Bd2 Kf3 75. Bg5 Kg3 76. Kd3 Kxh3 77. Ke4 Kg3 78. Bxh4+ Kxh4 79. Kf3 Kg5 80.
Ke3 Kf5 81. Kf3 Bf4 0-1

[Event "Ogolnopolska Olimpiada Mlodziezy D-14"]
[Site "Spala"]
[Date "1899-12-30"]
[Round "9.7"]
[White "Kalinowska, Karolina"]
[Black "Trembowiecka-wysota, Aleksandra"]
[Result "1/2-1/2"]
[WhiteTitle "I"]
[BlackTitle "I"]
[WhiteElo "1537"]
[BlackElo "1451"]

1. g3 Nf6 2. Bg2 g6 3. Nf3 Bg7 4. c4 d6 5. O-O O-O 6. Nc3 e5 7. d3 Nc6 8. Bd2 Bd7
9. Qc1 Qc8 10. Bh6 Bh3 11. Bxg7 Kxg7 12. Ng5 Bxg2 13. Kxg2 Nd4 14. e3 Ne6 15.
Nge4 Nxe4 16. Nxe4 f5 17. Nd2 f4 18. h4 g5 19. Rh1 g4 20. Qd1 h5 21. Rf1 f3+ 22.
Kg1 Qe8 23. Ne4 Qg6 24. Qb3 Rab8 25. Rfd1 b6 26. Qa4 a5 27. Qc6 Rf7 28. Rac1 Rd8
29. Qd5 Rdd7 30. Rd2 Nd8 31. Qb5 Ne6 32. Qd5 Nd8 33. Qb5 Ne6 34. Qd5 Nd8 35. Qb5
Ne6 36. Qd5 Nd8 1/2-1/2

[Event "Ogolnopolska Olimpiada Mlodziezy D-14"]
[Site "Spala"]
[Date "1899-12-30"]
[Round "9.8"]
[White "Jurkiewicz, Zuzanna"]
[Black "Szelag, Zuzanna"]
[Result "1-0"]
[WhiteTitle "I"]
[BlackTitle "I"]
[WhiteElo "1426"]
[BlackElo "1534"]

1. d4 d5 2. c4 dxc4 3. Nc3 Nf6 4. Bg5 e6 5. a3 Be7 6. e3 O-O 7. Nf3 Nbd7 8. Bxc4
Re8 9. O-O c6 10. e4 b6 11. Re1 Bb7 12. h3 Rc8 13. Qd3 Nf8 14. Ne5 Ng6 15. Nxg6
hxg6 16. Rad1 Qc7 17. Bxf6 Bxf6 18. e5 Be7 19. Qg3 Rcd8 20. f4 Rd7 21. Kh1 Qd8
22. Qf2 c5 23. Bb5 Rxd4 24. Bxe8 Rxd1 25. Rxd1 Qxe8 26. Qd2 Bc6 27. Kh2 b5 28.
Qe2 Qb8 29. Ne4 Bd5 30. Nc3 Bc6 31. Qd2 Qc7 32. Rc1 a5 33. b3 Qb7 34. a4 b4 35.
Nd1 Bd5 36. Qc2 Be4 37. Qb2 Qc6 38. Ne3 Bd5 39. Qc2 g5 40. g3 gxf4 41. gxf4 Qc7
42. Nxd5 exd5 43. Rg1 c4 44. Qg2 Bf8 45. Qxd5 cxb3 46. Qxb3 Qc3 47. Qxc3 bxc3
48. Rc1 Bb4 49. Kg3 Kf8 50. Kf3 Ke7 51. Ke4 Ke6 52. f5+ Ke7 53. Kd5 Kd7 54. h4
Ke7 55. h5 f6 56. e6 Kd8 57. Kc4 Ke7 58. Rxc3 Bxc3 59. Kxc3 Kd6 60. Kc4 Kc6 61.
e7 Kd7 62. e8=Q+ Kxe8 63. Kb5 Kd7 64. Kxa5 Kc6 65. Kb4 Kb6 66. Kc4 Kc6 67. a5
Kb7 68. Kd5 1-0

[Event "Ogolnopolska Olimpiada Mlodziezy D-14"]
[Site "Spala"]
[Date "1899-12-30"]
[Round "9.9"]
[White "Humin, Julia"]
[Black "Trybowska, Barbara"]
[Result "0-1"]
[WhiteTitle "II+"]
[BlackTitle "I"]
[WhiteElo "1418"]
[BlackElo "1457"]

1. e4 e5 2. Nf3 Nc6 3. Bb5 Bc5 4. c3 d6 5. d4 exd4 6. cxd4 Bb4+ 7. Kf1 Bd7 8. Qa4
Nge7 9. d5 Bc5 10. dxc6 Nxc6 11. Nc3 O-O 12. Bf4 a6 13. Bxc6 Bxc6 14. Qc2 Qf6
15. g3 Qe6 16. Kg2 f5 17. exf5 Rxf5 18. Rhe1 Qg6 19. Qb3+ Kh8 20. Re6 Qg4 21.
Re4 Bxe4 22. Nxe4 Rxf4 23. Nxc5 dxc5 24. Ne5 Rxf2+ 25. Kxf2 Qd4+ 26. Qe3 Qxb2+
27. Kf3 Qxa1 28. Qxc5 Qf1+ 29. Kg4 Re8 30. Qd5 h5+ 31. Kxh5 Qf5+ 32. Kh4 Qxe5
33. Qf7 Qf6+ 34. Qxf6 gxf6 35. Kh5 c5 36. h4 Kg7 37. Kg4 c4 38. h5 c3 39. Kh4
c2 40. g4 c1=Q 41. a4 Qg5+ 42. Kh3 Re3+ 43. Kh2 Qh4+ 44. Kg1 Re2 45. a5 Qh2+ 46.
Kf1 Qf2# 0-1